LIBRARY & INFORMATION CENTRE, KCAET, TAVANUR

ONLINE PUBLIC ACCESS CATALOGUE (OPAC)

Wage Labourar and capital (Record no. 11166)

MARC details
000 -LEADER
fixed length control field 00323cam a2200145ua 4500
041 ## - LANGUAGE CODE
Language code of text/sound track or separate title eng
082 ## - DEWEY DECIMAL CLASSIFICATION NUMBER
Classification number 335.4
Item number MAX/WA
100 ## - MAIN ENTRY--AUTHOR NAME
Personal name K. Marx, Marx .
245 ## - TITLE STATEMENT
Title Wage Labourar and capital
260 ## - PUBLICATION, DISTRIBUTION, ETC. (IMPRINT)
Place of publication Moscow :
Name of publisher foreign language ,
Year of publication 1891.
300 ## - PHYSICAL DESCRIPTION
Number of Pages 80 ; .
942 ## - ADDED ENTRY ELEMENTS (KOHA)
Koha item type Books
Holdings
Withdrawn status Lost status Damaged status Home library Current library Date acquired Full call number Accession Number Koha item type
Withdrawn     KAUAET Malayalam University 07/04/2012 335.4 9138 Books
free website counter